Statistics for Geography Safe Cracker Challenge #1

Click here to take the quiz!

General Stats

  • This quiz has been taken 3,214 times
    (3,161 since last reset)
  • The average score is 22 of 40

Answer Stats

HintAnswer% Correct
Countries of the UKScotland
99%
Countries of the UKEngland
98%
Countries of the UKWales
98%
Countries of the UKNorthern Ireland
96%
Countries of the UK5J8W2X4X
86%
"Guinea" CountriesPapua New Guinea
81%
"Guinea" CountriesGuinea
81%
"Guinea" CountriesGuinea-Bissau
78%
"Guinea" CountriesEquatorial Guinea
77%
Disneyland CountriesUnited States
75%
Disneyland CountriesFrance
74%
"Guinea" Countries2V6H3R9P
73%
Disneyland CountriesChina
72%
Disneyland CountriesJapan
72%
Disneyland Countries8Y6T4N9D
68%
Largest Cities in SpainMadrid
68%
Largest Cities in SpainBarcelona
67%
Largest Cities in SpainSeville
60%
Largest Cities in SpainValencia
57%
Largest Cities in Spain6T8F2G3U
54%
Main Japanese IslandsHonshu
47%
Main Japanese IslandsHokkaido
43%
Swiss Official LanguagesFrench
42%
Swiss Official LanguagesGerman
42%
Main Japanese IslandsKyushu
39%
Main Japanese IslandsShikoku
37%
Main Japanese Islands5D3E1B8Z
36%
Swiss Official LanguagesItalian
34%
Four Corners StatesArizona
31%
Four Corners StatesUtah
31%
Four Corners StatesNew Mexico
31%
Four Corners StatesColorado
31%
Four Corners States3F7B2A4F
29%
Swiss Official LanguagesRomansh
26%
Swiss Official Languages4G1Q1L5S
25%
Danube River CapitalsBudapest
23%
Danube River CapitalsVienna
22%
Danube River CapitalsBratislava
20%
Danube River CapitalsBelgrade
19%
Danube River Capitals5R3A9J7C
16%

Score Distribution

Percentile by Number Answered

Percent of People with Each Score

Your Score History

You have not taken this quiz since the last reset